Statistics for Peter Sellers Filmography

Click here to take the quiz!

General Stats

  • This quiz has been taken 36 times
    (17 since last reset)
  • The average score is 10 of 145

Answer Stats

TypeYearName% Correct
Film1963The Pink Panther
100%
Film1975The Return of the Pink Panther
82%
Film1979Being There
73%
Film1964A Shot in the Dark
64%
Film1964Dr. Strangelove or: How I Learned to Stop Worrying and Love the Bomb
64%
Film1978Revenge of the Pink Panther
45%
Radio Show1951-1960The Goon Show
36%
TV Special1968The Goon Show
36%
Film1955The Ladykillers
36%
Film1959The Mouse That Roared
36%
Film1976The Pink Panther Strikes Again
36%
Film1965What's New Pussycat?
36%
Film1967Casino Royale
27%
Film1968I Love You, Alice B. Toklas
27%
Film1967The Bobo
27%
Film1963Heavens Above!
18%
Film1962Lolita
18%
Film1969The Magic Christian
18%
Film1960The Millionairess
18%
Film1968The Party
18%
Film1957The Smallest Show on Earth
18%
Film1964The World of Henry Orient
18%
Film1966The Wrong Box
18%
Film1960Two-Way Stretch
18%
Film1966After the Fox
9%
Film1970Hoffman
9%
Film1959I'm All Right Jack
9%
Film1976Murder by Death
9%
TV Show1965Not Only... But Also
9%
Film1962Only Two Can Play
9%
TV Show1972, 1979Sykes
9%
Film1959The Battle of the Sexes
9%
Film1970There's a Girl in My Soup
9%
Short Film1959The Running Jumping & Standing Still Film
9%
Film1963The Wrong Arm of the Law
9%
Film1958tom thumb
9%
TV Show1967ABC Stage 67
0%
Short Film1951A Burlesque on Carmen
0%
TV Film1964A Carol for Another Christmas
0%
Film1970A Day at the Beach
0%
TV Film1966Alice in Wonderland
0%
Film1972Alice's Adventures in Wonderland
0%
TV Show1954And So to Bentley
0%
Radio Special1954Archie in Goonland
0%
TV Show1956A Show Called Fred
0%
Commercial1980Barclays Bank
0%
Film1953Beat the Devil
0%
TV Show1957Billy Cotton Band Show
0%
Short Film1965Birds, Bees and Storks
0%
Theater1958-1959Brouhaha
0%
Film1951Ça c'est du Cinéma
0%
Film1959Carlton-Browne of the F.O.
0%
Radio Special1956China Story
0%
Radio Special1951Cinderella
0%
TV Show1976, 1980Clapper Board
0%
Short Documentary1960Close Up: Peter Sellers
0%
Short Film1957Cold Comfort
0%
Radio Special1953Coronation Edition
0%
Short Film1957Dearth of a Salesman
0%
Radio Show1957Desert Island Discs
0%
TV Show1975Dinah!
0%
TV Show1952Don't Spare the Horses
0%
Film1952Down Among the Z Men
0%
TV Show1957Eric Sykes Presents Peter Sellers
0%
Commercial1972FosterGrant Sunglasses
0%
Film1973Ghost in the Noonday Sun
0%
TV Film1952Goonreel
0%
Theater1966He Was Gone When They Got There
0%
Short Film1957Insomnia Is Good for You
0%
Radio Show1948It's Fine to Be Young
0%
TV Show1969It Takes a Thief
0%
TV Show1956ITV Television Playhouse
0%
Theater1946Jack and the Beanstalk
0%
Film1955John and Julie
0%
TV Show1960, 1963, 1964Juke Box Jury
0%
TV Special1975Julie: My Favourite Things
0%
Film1978Kingdom of Gifts
0%
Short Film1951Let's Go Crazy
0%
Theater1954-1955Mother Goose
0%
Film1961Mr. Topaze
0%
TV Show1953Music-Hall
0%
Film1960Never Let Go
0%
TV Show1948New to You
0%
TV Show1956Off the Record
0%
Film1955Orders Are Orders
0%
Film1953Our Girl Friday
0%
TV Show1974Parkinson
0%
Film1951Penny Points to Paradise
0%
TV Documentary2020Peter Sellers: A State of Comic Ecstasy
0%
Radio Show1949Petticoat Lane
0%
TV Show1956PG Tips: The Tipps Family
0%
TV Show1969, 1970Rowan & Martin's Laugh-In
0%
TV Mini-Series1955Secombe Here!
0%
TV Documentary1992Sellers' Best
0%
Radio Show1950, 1957Sellers Market
0%
Radio Show1948ShowTime
0%
Short Film1970Simon, Simon
0%
TV Show1957Six-Five Special
0%
Film1974Soft Beds, Hard Battles
0%
TV Show1956Son of Fred
0%
TV Show1965Tales from Hoffnung
0%
TV Short1958The April 8th Show (Seven Days Early)
0%
TV Show1958Theatre Night
0%
Film1950The Black Rose
0%
Film1973The Blockhouse
0%
Short Film1956The Case of the Mukkinese Battle-Horn
0%
TV Show1973The Dean Martin Show
0%
Film1962The Dock Brief
0%
TV Show1980The Don Lane Show
0%
Film1980The Fiendish Plot of Dr. Fu Manchu
0%
Documentary2018The Ghost of Peter Sellers
0%
Film1974The Great McGonagall
0%
Short Documentary1978The Great Pram Race
0%
TV Show1956The Idiot Weekly, Price 2d
0%
TV Show1961The Jo Stafford Show
0%
Radio Special1972The Last Goon Show of All
0%
TV Special1972The Last Goon Show of All
0%
Film1956The Man Who Never Was
0%
TV Show1978The Muppet Show
0%
Film1957The Naked Truth
0%
TV Show1972, 1973The New Bill Cosby Show
0%
Film1973The Optimists of Nine Elms
0%
TV Documentary2002The Paranormal Peter Sellers
0%
Film1979The Prisoner of Zenda
0%
Film1962The Road to Hong Kong
0%
Radio Special1954The Starlings
0%
TV Show1964The Steve Allen Show
0%
Short Film1953The Super Secret Service
0%
TV Show1963The Telegoons, Series 1
0%
TV Show1964The Telegoons, Series 2
0%
TV Documentary2000The Unknown Peter Sellers
0%
TV Documentary1975The World of Peter Sellers
0%
TV Show1958The World Our Stage
0%
Radio Show1949Third Division
0%
TV Show1965Top of the Pops
0%
Commercial1973Trans World Airlines
0%
TV Film1952Trial Gallop
0%
Film1958Up the Creek
0%
TV Show1959Val Parnell's Sunday Night at the London Palladium
0%
Radio Show1957-1958Vintage Goons
0%
Film1962Waltz of the Toreadors
0%
Film1972Where Does It Hurt?
0%
TV Documentary1969Will the Real Mr Sellers.....?
0%
Film1967Woman Times Seven
0%
TV Show1957Yes, It's the Cathode-Ray Tube Show!
0%

Score Distribution

Percentile by Number Answered

Percent of People with Each Score

Your Score History

You have not taken this quiz since the last reset